| 000 | 01052nam a22002417a 4500 | ||
|---|---|---|---|
| 003 | OSt | ||
| 005 | 20250918165316.0 | ||
| 008 | 240401b ||||| |||| 00| 0 eng d | ||
| 040 | _c0 | ||
| 082 | _aDPer 621.381 In821 September 2022 v. 37 n. 9 | ||
| 100 |
_aGao, Hongxin. _eauthor. _955609 |
||
| 245 |
_aFeature extraction method of series arc fault occurred in three-phase motor with inverter circuit / _cHongxin Gao, Zhiyong Wang, Congxin Han, Aixia Tang, Fengyi Guo, and Baifu Li. |
||
| 260 |
_aNew York ; _bThe Institute of Electrical and Electronics Engineers, Inc. , _cSeptember 2022. |
||
| 300 |
_aVolume 37, pages 11164-11173 : _billustration ; _c28 cm. |
||
| 500 | _aIEEE Transitions on Power Electronics, v. 37 n. 9, pages 11164-11173, September 2022. | ||
| 700 |
_aGao, Hongxin. _eauthor. _955609 |
||
| 700 |
_aWang, Zhiyong. _eauthor. _955610 |
||
| 700 |
_aHan, Congxin. _eauthor. _955611 |
||
| 700 |
_aTang, Aixia. _eauthor. _955612 |
||
| 700 |
_aGuo, Fengyi. _eauthor. _955613 |
||
| 700 |
_aLi, Baifu. _eauthor. _955614 |
||
| 942 |
_2ddc _cPER |
||
| 999 |
_c19916 _d19916 |
||